Análisis de la evolución y desarrollo del área Río Colorado. /

Guardado en:
Formato: Libro
Idioma:Spanish
Publicado: Viedma : Provincia de Río Negro. Ministerio de Agricultura, Ganadería y Minería. Dirección de Colonización y Desarrollo., 1979.
Series:Serie técnica ; nº 4
Materias:
Etiquetas: Agregar Etiqueta
Sin Etiquetas, Sea el primero en etiquetar este registro!
LEADER 00633nam a22001455a 4500
001 EEA.libagro003162
005 20190624121010.0
008 130809s1979####ag#a##########000#0#spa#d
082 0 4 |a 338.188273 
245 1 0 |a Análisis de la evolución y desarrollo del área Río Colorado. /  |c Jorge Raúl Sabugo, Fernando Jorge Cafasso. 
260 |a Viedma :  |b Provincia de Río Negro. Ministerio de Agricultura, Ganadería y Minería. Dirección de Colonización y Desarrollo.,  |c 1979. 
300 |a 151 p. :  |b il. ;  |c 29 cm. 
490 1 |a Serie técnica ;  |v nº 4 
651 7 |a Río Negro (Provincia) 
859 |a AR-BbBCA  |b BIB. AGRONOMIA  |h 338.188273  |i R585  |p 1982/0047